00350nam a2200109Ia 4500008004100000041000800041100002300049245007200072260005400144300000800198700003400206250110s9999 xx 000 0 und d aeng aTembre Vaishnavi.  aEnergy Audit Of Mksss Campus, Pune : A Step Towards Sustainability. bBnca M Arch Environment Architecture., Punec2018 a62p aGuide Name: Kulkarni Prajakta